[Event "Cagliari op 3rd"]
[Site "Cagliari"]
[Date "2003.03.09"]
[Round "2"]
[White "Basciu, Simone"]
[Black "Atzeni, Franco"]
[Result "1-0"]
[WhiteElo "2158"]
[BlackElo "1909"]
[PlyCount "61"]
[EventDate "2003.03.08"]
[EventType "swiss"]
[EventRounds "7"]
[EventCountry "ITA"]
[SourceTitle "EXT 2024"]
[Source "ChessBase"]
[SourceDate "2023.10.10"]
[SourceVersion "1"]
[SourceVersionDate "2023.10.10"]
[SourceQuality "1"]

1. d4 d5 2. Nf3 Nf6 3. c4 e6 4. Bg5 Be7 5. Nc3 c6 6. e3 0-0 7. Bd3 dxc4 8. Bxc4 Nd5 9. Bxe7 Qxe7 10. 0-0 Nd7 11. e4 Nf4 12. e5 Nb6 13. Bb3 Nbd5 14. Ne4 b6 15. g3 f5 16. exf6 Nxf6 17. Nxf6+ Qxf6 18. gxf4 Qxf4 19. Ne5 Rf5 20. Kh1 c5 21. Qg4 Qxg4 22. Nxg4 Rf4 23. Ne5 cxd4 24. Rac1 Bb7+ 25. f3 Re8 26. Rc7 Ba6 27. Re1 h5 28. Rg1 Rf6 29. Rgxg7+ Kh8 30. Rh7+ Kg8 31. Rcg7+ 1-0

[Event "Sardegna Region-ch"]
[Site "Cagliari"]
[Date "2001.04.28"]
[Round "1"]
[White "Scarteddu, Marco"]
[Black "Basciu, Simone"]
[Result "0-1"]
[WhiteElo "1615"]
[BlackElo "2157"]
[PlyCount "85"]
[EventDate "2001.04.28"]
[EventType "swiss"]
[EventRounds "7"]
[EventCountry "ITA"]
[SourceTitle "EXT 2024"]
[Source "ChessBase"]
[SourceDate "2023.10.10"]
[SourceVersion "1"]
[SourceVersionDate "2023.10.10"]
[SourceQuality "1"]

1. d4 d5 2. c4 e6 3. Nf3 Nf6 4. Nc3 c5 5. Bg5 dxc4 6. dxc5 Qxd1+ 7. Rxd1 Bxc5 8. e3 a6 9. Bxc4 Nbd7 10. a3 b5 11. Be2 Bb7 12. b4 Be7 13. 0-0 Rc8 14. Rc1 0-0 15. Nd2 Rfd8 16. Bf3 Bxf3 17. Nxf3 Nb6 18. Ne2 Rxc1 19. Rxc1 Nc4 20. Ned4 Kf8 21. Nc6 Rd3 22. Nfe5 Rxa3 23. Nxc4 bxc4 24. Kf1 c3 25. e4 h6 26. Bxf6 Bxf6 27. e5 Bg5 28. Rc2 Bd2 29. Ke2 Rb3 30. Nb8 a5 31. Nd7+ Ke7 32. bxa5 Kxd7 33. Ra2 Kc7 34. a6 Kb8 35. a7+ Ka8 36. Kd1 Rb7 37. Ra6 Rxa7 38. Rd6 Rc7 39. Kc2 Bf4 40. Ra6+ Kb7 41. Ra5 Kb6 42. Ra3 Bxe5 43. g3 0-1

[Event "Imperia op-A 42nd"]
[Site "Imperia"]
[Date "2000.09.05"]
[Round "3"]
[White "Basciu, Simone"]
[Black "Krouzel, Jaroslav"]
[Result "1/2-1/2"]
[WhiteElo "2145"]
[BlackElo "2290"]
[PlyCount "31"]
[EventDate "2000.09.03"]
[EventType "swiss"]
[EventRounds "9"]
[EventCountry "ITA"]
[SourceTitle "EXT 2001"]
[Source "ChessBase"]
[SourceDate "2000.11.22"]
[SourceVersion "1"]
[SourceVersionDate "2000.11.22"]
[SourceQuality "1"]

1. d4 f5 2. Nf3 Nf6 3. g3 e6 4. Bg2 Be7 5. 0-0 0-0 6. c4 Ne4 7. Nbd2 Bf6 8. Qc2 d5 9. Rb1 c6 10. b3 Qe7 11. Bb2 b6 12. Rfd1 Bb7 13. Ne5 Nxd2 14. Rxd2 Nd7 15. cxd5 cxd5 16. Nxd7 1/2-1/2

[Event "Imperia op-A 42nd"]
[Site "Imperia"]
[Date "2000.09.04"]
[Round "2"]
[White "Frank, Albert"]
[Black "Basciu, Simone"]
[Result "1/2-1/2"]
[WhiteElo "2014"]
[BlackElo "2147"]
[PlyCount "56"]
[EventDate "2000.09.03"]
[EventType "swiss"]
[EventRounds "9"]
[EventCountry "ITA"]
[SourceTitle "EXT 2001"]
[Source "ChessBase"]
[SourceDate "2000.11.22"]
[SourceVersion "1"]
[SourceVersionDate "2000.11.22"]
[SourceQuality "1"]

1. d4 Nf6 2. c4 e6 3. g3 Bb4+ 4. Bd2 Qe7 5. Bg2 0-0 6. Nf3 Ne4 7. 0-0 Nxd2 8. Nbxd2 c6 9. e4 Bxd2 10. Nxd2 e5 11. d5 d6 12. Rc1 c5 13. Rc3 a6 14. f4 Nd7 15. Bh3 b5 16. Re1 b4 17. Rce3 a5 18. a4 Nb6 19. Bxc8 Raxc8 20. b3 Nd7 21. Nf3 Rce8 22. f5 g6 23. Nh4 Nf6 24. Rf1 Kg7 25. Ng2 Rh8 26. g4 g5 27. h4 h6 28. h5 Rb8 1/2-1/2

[Event "Montecatini Terme op"]
[Site "Montecatini Terme"]
[Date "2000.??.??"]
[Round "9"]
[White "Basciu, Simone"]
[Black "Friedrich, Norbert"]
[Result "1/2-1/2"]
[WhiteElo "2147"]
[BlackElo "2239"]
[PlyCount "53"]
[EventDate "2000.07.??"]
[EventType "swiss"]
[EventRounds "9"]
[EventCountry "ITA"]
[SourceTitle "EXT 2001"]
[Source "ChessBase"]
[SourceDate "2000.11.22"]
[SourceVersion "1"]
[SourceVersionDate "2000.11.22"]
[SourceQuality "1"]

1. d4 d5 2. Nf3 Nf6 3. c4 c6 4. Qb3 e6 5. Nc3 dxc4 6. Qxc4 b5 7. Qd3 Be7 8. g3 Bb7 9. Bg2 Nbd7 10. 0-0 a6 11. Rd1 0-0 12. Bf4 Qb6 13. Ne5 Rad8 14. Qf3 Nxe5 15. dxe5 Nd5 16. Nxd5 Rxd5 17. Rdc1 Rfd8 18. Qh5 R5d7 19. Be4 g6 20. Qh6 c5 21. Bc2 c4 22. h4 Bc5 23. Rf1 Qc6 24. e4 Rd3 25. Bxd3 cxd3 26. Rae1 Rd4 27. Qg5 1/2-1/2

[Event "Imperia op-A 41st"]
[Site "Imperia"]
[Date "1999.09.04"]
[Round "8.27"]
[White "Ravagnani, Tiziano"]
[Black "Basciu, Simone"]
[Result "0-1"]
[WhiteElo "2025"]
[BlackElo "2080"]
[PlyCount "52"]
[EventDate "1999.08.29"]
[EventType "swiss"]
[EventRounds "9"]
[EventCountry "ITA"]
[SourceTitle "EXT 2024"]
[Source "ChessBase"]
[SourceDate "2023.10.10"]
[SourceVersion "1"]
[SourceVersionDate "2023.10.10"]
[SourceQuality "1"]

1. e4 e6 2. d4 d5 3. Nc3 dxe4 4. Nxe4 Nd7 5. Bd3 Ngf6 6. Nxf6+ Nxf6 7. Nf3 c5 8. 0-0 cxd4 9. Nxd4 Bc5 10. Be3 Bb6 11. c3 e5 12. Nf3 Bxe3 13. fxe3 Qe7 14. Ng5 Bd7 15. Bc4 0-0 16. Qb3 Bc6 17. Rad1 h6 18. h4 hxg5 19. hxg5 Ng4 20. Bxf7+ Kh8 21. Rf5 Nxe3 22. Rd3 Nxf5 23. Be6 Qxg5 24. Rh3+ Nh6 25. Qc2 Rf6 26. Bc4 Raf8 0-1

[Event "Imperia op-A 41st"]
[Site "Imperia"]
[Date "1999.08.31"]
[Round "3.11"]
[White "Basciu, Simone"]
[Black "Gross, Stefan"]
[Result "0-1"]
[WhiteElo "2080"]
[BlackElo "2371"]
[PlyCount "96"]
[EventDate "1999.08.29"]
[EventType "swiss"]
[EventRounds "9"]
[EventCountry "ITA"]
[SourceTitle "EXT 2024"]
[Source "ChessBase"]
[SourceDate "2023.10.10"]
[SourceVersion "1"]
[SourceVersionDate "2023.10.10"]
[SourceQuality "1"]

1. d4 Nf6 2. Nf3 c5 3. d5 b5 4. Bg5 d6 5. Bxf6 exf6 6. e3 Qb6 7. Be2 Be7 8. 0-0 f5 9. a4 bxa4 10. Qc1 Bf6 11. c3 Bd7 12. Na3 0-0 13. Nc4 Qc7 14. Bd1 Bb5 15. Nfd2 Nd7 16. Bxa4 a6 17. Rd1 Ne5 18. Nxe5 Bxe5 19. Qc2 g6 20. Ra2 c4 21. Rda1 Qb7 22. Bxb5 axb5 23. e4 fxe4 24. Qxe4 Rxa2 25. Rxa2 Ra8 26. Rxa8+ Qxa8 27. g3 f5 28. Qe1 Qxd5 29. f4 Bf6 30. Qe2 Kf7 31. Nf3 Qe4 32. Kf2 Qxe2+ 33. Kxe2 Ke6 34. Ke3 Kd5 35. Ke2 b4 36. cxb4 Bxb2 37. Kd2 Bf6 38. Kc2 Kc6 39. Nd2 Kb5 40. h3 Kxb4 41. g4 d5 42. Nf3 d4 43. gxf5 gxf5 44. h4 d3+ 45. Kd2 h5 46. Kc1 c3 47. Kd1 Kb3 48. Kc1 d2+ 0-1

[Event "Genova op 3th"]
[Site "Genova"]
[Date "1999.??.??"]
[Round "2"]
[White "Di Paolo, Raffaele"]
[Black "Basciu, Simone"]
[Result "1-0"]
[WhiteElo "2290"]
[BlackElo "2080"]
[PlyCount "39"]
[EventDate "1999.??.??"]
[EventType "swiss"]
[EventRounds "11"]
[EventCountry "ITA"]
[SourceTitle "EXT 2000"]
[Source "ChessBase"]
[SourceDate "1999.11.16"]
[SourceVersion "1"]
[SourceVersionDate "1999.11.16"]
[SourceQuality "1"]

1. e4 c5 2. Nf3 Nc6 3. d4 cxd4 4. Nxd4 Nf6 5. Nc3 d6 6. Bc4 Bd7 7. Bb3 g6 8. h3 Rc8 9. 0-0 Bg7 10. Be3 Na5 11. f4 0-0 12. e5 Ne8 13. e6 Nxb3 14. exd7 Rxc3 15. bxc3 Nxa1 16. dxe8Q Qxe8 17. Qxa1 Qa4 18. Qb2 b6 19. Qb3 Qa6 20. f5 1-0